000 00364pab a2200157 454500
008 180718b2008 xxu||||| |||| 00| 0 eng d
100 _aHarriss-white, Barbara
245 _aMarket politics and climate change
260 _c2008
300 _ap.350-58.
362 _aSep
650 _aClimatic change
773 _aDevelopment
908 _aN
909 _a79833
999 _c79833
_d79833